000 00786nam a22002297a 4500
005 20240530110436.0
008 150328s2012 ua f 000 e ara d
017 _a2011/20647
_bمصر . دار الكتب المصرية
020 _a9789770930960
040 _aEG-CaGPL
082 0 4 _221
_a303.4
_bق/إ أ
100 0 _aابراهيم عيسى
245 1 0 _aالوان يناير /
_cابراهيم عيسى
250 _aط1
260 _aالقاهرة :
_bدار الشروق ،
_c2012
300 _a376 ص ؛
_c24 سم
600 0 4 _aابراهيم عيسى
_xمقالات
650 0 4 _aثورة 25 يناير
_xمقالات
651 0 4 _aمصر
_xالاحوال السياسية
_yثورة 25 يناير
942 _2ddc
_cBK
999 _c60946
_d60946